Neuskutečněné stavby ve Valašském Meziříčí 1918-1948 /

Hlavní autor: Koukalová, Martina, 1985-
Další autoři: Zajíc, Petr
Jazyk: Čeština
Vydáno: [Valašské Meziříčí] : Kulturní zařízení města Valašského Meziříčí, 2019
Témata:
Fyzický popis: 117 stran : ilustrace (převážně barevné), plány, faksimile ; 30 cm
Knihy
Uloženo v:
LEADER 02595nam a2200649 i 4500
001 nkc20193156491
003 CZ PrNK
005 20191206121409.0
007 ta
008 191031s2019 xr aeh f 001 0 cze
015 |a cnb003156491 
020 |a 978-80-907670-0-3  |q (v knize neuvedeno ;  |q brožováno) 
035 |a (OCoLC)1135591054 
040 |a BOA001  |b cze  |e rda 
043 |a e-xr---  |b e-xr-zl  |2 czenas 
045 |a x1x4 
072 7 |a 72  |x Architektura  |2 Konspekt  |9 21 
080 |a 69.01/.03-021.142.1  |2 MRF 
080 |a 72.012  |2 MRF 
080 |a 72.012.2  |2 MRF 
080 |a 72.092  |2 MRF 
080 |a 711.4/.8  |2 MRF 
080 |a (437.323)  |2 MRF 
080 |a (048.8)  |2 MRF 
080 |a (084.11)  |2 MRF 
100 1 |a Koukalová, Martina,  |d 1985-  |7 jo2014816737  |4 aut 
245 1 0 |a Neuskutečněné stavby ve Valašském Meziříčí 1918-1948 /  |c Martina Koukalová, Petr Zajíc 
264 1 |a [Valašské Meziříčí] :  |b Kulturní zařízení města Valašského Meziříčí,  |c 2019 
300 |a 117 stran :  |b ilustrace (převážně barevné), plány, faksimile ;  |c 30 cm 
336 |a text  |b txt  |2 rdacontent 
336 |a statický obraz  |b sti  |2 rdacontent 
337 |a bez média  |b n  |2 rdamedia 
338 |a svazek  |b nc  |2 rdacarrier 
504 |a Obsahuje bibliografii a rejstřík 
648 7 |a 1918-1948  |7 ch501252  |2 czenas 
650 0 7 |a nerealizované stavby  |7 ph997578  |z Česko  |y 1918-1948  |2 czenas 
650 0 7 |a projektové návrhy  |7 ph135307  |z Česko  |y 1918-1948  |2 czenas 
650 0 7 |a architektonické projekty  |7 ph137760  |z Česko  |y 1918-1948  |2 czenas 
650 0 7 |a architektonické soutěže  |7 ph138574  |z Česko  |y 1918-1948  |2 czenas 
650 0 7 |a rozvoj měst  |7 ph137468  |z Česko  |y 1918-1948  |2 czenas 
650 0 9 |a unrealized buildings  |z Czechia  |y 1918-1948  |2 eczenas 
650 0 9 |a design projects  |z Czechia  |y 1918-1948  |2 eczenas 
650 0 9 |a architectural projects  |z Czechia  |y 1918-1948  |2 eczenas 
650 0 9 |a architectural competitions  |z Czechia  |y 1918-1948  |2 eczenas 
650 0 9 |a urban development  |z Czechia  |y 1918-1948  |2 eczenas 
651 7 |a Valašské Meziříčí (Česko)  |7 ge131231  |2 czenas 
651 9 |a Valašské Meziříčí (Czechia)  |2 eczenas 
655 7 |a monografie  |7 fd132842  |2 czenas 
655 7 |a obrazové publikace  |7 fd132947  |2 czenas 
655 9 |a monographs  |2 eczenas 
655 9 |a pictorial works  |2 eczenas 
700 1 |a Zajíc, Petr  |7 jo2012736694  |4 aut 
910 2 |a BOA001  |b 4-1436.347 
990 |a BK 
995 |a 01 
991 |b 201911  |c NOV 
996 6 |b 2610803145  |c 4-1436.347  |l MZK  |r Sklad / do 1 hodiny  |n 0  |p p.v.  |w 001765053  |u 000010  |a 1  |e BOA001  |j MZK50  |s P